Nagy szavak bűvöletében
Elmentve itt :
| Szerző: | |
|---|---|
| Adatforrás: | Meister |
| Forrásdokumentuma: | A Hét. - 3 sz., 1998, 8 p. |
| Nyelv: | magyar |
| Kulcsszavak: | politikai publicisztika politikai intézmények magyar-magyar viszony RMDSZ-Romániai Magyar Demokrata Szövetség |
| LEADER | 00458nab a2200157 i 4500 | ||
|---|---|---|---|
| 001 | bibPRO00007339 | ||
| 008 | 060524s1998 xx hun | ||
| 040 | |a Sz1 | ||
| 041 | |a hun | ||
| 100 | 1 | |a FODOR Sándor | |
| 245 | 1 | 0 | |a Nagy szavak bűvöletében |c FODOR Sándor |
| 695 | |a politikai publicisztika | ||
| 695 | |a politikai intézmények | ||
| 695 | |a magyar-magyar viszony | ||
| 695 | |a RMDSZ-Romániai Magyar Demokrata Szövetség | ||
| 773 | 0 | |t A Hét. - |g 3 sz., 1998, 8 p. | |